The Incredible Hulk (2008): Characters by Picture - Statistics

General Stats
  • This quiz has been taken 28 times
  • The average score is 6 of 9
Answer Stats
Picture Answer % Correct
Stan Lee
96%
The Incredible Hulk
96%
Tony Stark
92%
Abomination
83%
General Ross
75%
Betty Ross
71%
Samuel Sterns
58%
Lou Ferrigno
42%
Leonard Samson
13%
No matching quizzes found
Score Distribution
Percent of People with Each Score
Percentile by Number Answered
Your Score History
You have not taken this quiz